MDQL
is popping MORE tags! Check the
thread
!
Quizzes
Events
Quiz Creation
Community
Videos
Private Events
Remove Ads
Sign In
Join for FREE
Feedback
Dark Mode
Quiz Categories
Sports
Geography
Music
Movies
Television
Just For Fun
Miscellaneous
History
Literature
Language
Science
Gaming
Entertainment
Religion
Holiday
For Kids
Quiz Lab
Recent
Popular Today
Quiz Kudos Today
Editor Picks
Curator Picks
Quizzes by...
Day
Popularity
Type
Ratings
Length
Year
Community
Subscriptions
Recent Discussions
Orange Saloon
Badges
Playlists
Quests
Create
Leaderboards
Showdown
Live 5
Trivia Bingo
Activity
Puzzle Library
Sporcle Events
Private Events
Virtual Trivia
Globe League
Become a Host
Pub Owners
SporcleCon
Opinionation
Our Games
Videos
Blog
Mobile Apps
Partnerships
Remove Ads and Go Orange
Feedback
Music
Pop Music
The Beatles
Song
Album
Lyrics
Bands
Singers
Artist
Clip
Rock
Rap
Classical
Billboard
Country Music
Kpop
Taylor Swift
Music
Pop Music
The Beatles
Song
Album
Lyrics
Bands
Singers
Artist
Clip
Rock
Rap
Classical
Billboard
Country Music
Kpop
Taylor Swift
Random Quiz
Search Sporcle
×
Quiz Lab
Quiz Lab
Music
Song
Select answers by clicking on text or image buttons
Select answers by clicking on text or image buttons
Clickable
Best Score? Go Orange.
10 to 1 Hair Band Songs Stats
Can you pick the song by each hair band?
By
klc2hbk
7m
55 Questions
478 Plays
478 Plays
478 Plays
Comments
Comments
Give Quiz Kudos
Give Quiz Kudos
-
- Ratings
hide this ad
Forced Order
Answers have to be entered in order
Answers have to be entered in order
Replay
Link that replays current quiz
Next Quiz
Link to next quiz in quiz playlist
You Got
0%
They Got
Avg Score
73%
Avg Friend Score
Upgrade to see
Score Distribution
Jump to the score distribution portion of the page
Score
0/55
Timer
07:00
0
Plays Today
% Correct
Livin' on a Prayer
96.4%
Bad Medicine
96.2%
You Give Love a Bad Name
95.8%
Wanted Dead or Alive
93.9%
It's My Life
90.4%
Pour Some Sugar on Me
89.5%
I'll Be There for You
87.6%
Hysteria
87.4%
Photograph
87.2%
Welcome to the Jungle
87.2%
November Rain
86.8%
Paradise City
86.8%
Sweet Child O' Mine
86.6%
Rock of Ages
86%
Animal
85.1%
Dr. Feelgood
85.1%
Girls, Girls, Girls
85.1%
Every Rose Has It's Thorn
83.9%
Cherry Pie
82.8%
Bed of Roses
82.4%
Patience
82.2%
Kickstart My Heart
80.1%
Let's Get Rocked
79.5%
Talk Dirty to Me
78.4%
Lay Your Hands on Me
78%
18 and Life
77.8%
Nothin' but a Good Time
76.9%
Home Sweet Home
76.5%
% Correct
Shout at the Devil
75.7%
Live and Let Die
75.1%
Born to Be My Baby
74.2%
Rocket
71.1%
Always
69.6%
You Could Be Mine
68.1%
I Remember You
68.1%
Don't Cry
67.7%
Don't Know What You Got (Till It's Gone)
66.7%
Don't Go Away Mad
66.5%
Your Mama Don't Dance
64.8%
Something to Believe In
64.6%
Youth Gone Wild
64.4%
Same Ol' Situation
64.2%
Heaven
62.3%
Seventeen
60.2%
Love Song
59.5%
Have You Ever Needed Someone So Bad
59.3%
Uncle Tom's Cabin
58.3%
Signs
58.3%
Down Boys
56.8%
Fallen Angel
56.2%
Headed for a Heartbreak
55.6%
I Saw Red
50.7%
Miles Away
46.5%
Piece of Me
40%
Promises
37.3%
Quiz Playlist
Details
Report
Send in Message
Add To Playlist
Clickable:
Select answers by clicking on text or image buttons
Forced Order:
Answers have to be entered in order
Last Updated: Jul 26, 2017
Quiz Scoreboard
CHALLENGE
Sign Up to Join the Scoreboard
Show All
Scores
Hide
Comments
May contain spoilers
Recently Published
Two Season TV Shows II
by 123Four
Television
10m
Image Sorting: Flags VI
by Barbecue
Geography
2m
Find the 'City' Movie
by crazypaving
Movies
60s
More to Explore
Quiz From the Vault
Featured Blog Post
14 Easter Pick-up Lines to Find Eggs With
hide this ad
You Might Also Like...
Tags
Clickable Quiz
Song Quiz
hair
Today's Top Quizzes in Music
Browse Music
hide this ad
Today's Top Quizzes in Song
Browse Song
Top Contributed Quizzes in Music
1
5X2 Blitz: Bands II
2
5X2 Blitz: The Beatles
3
Taylor Swift All Songs (2024)
4
5X2 Blitz: Billboard
5
5X2 Blitz: Billboard II
6
Music Artist by Three 2010s hits
7
5X2 Blitz: Album
8
5X2 Blitz: Rock
9
5X2 Blitz: Singers
10
5X2 Blitz: Lyrics
Explore More
Trending Topics
Marvel
Anime
Kpop
Crossword
NBA
Disney
Harry Potter
NFL
Pokémon
Soccer
WWE
Song
The Office
Country
Puzzle
hide this ad
More By:
klc2hbk
Quiz
Plays
Rating
Category
Featured
Created
25 Headless Wrestlers
4,098
4.50
Sports
Nov 10, 2017
1880-1899 Most Popular US Baby Names
3,346
4.77
Miscellaneous
Sep 20, 2018
25 Headless Wrestlers Part 2
2,716
4.42
Sports
Nov 28, 2017
20 Celebrities in Disguise
1,704
4.75
Entertainment
Feb 21, 2019
10 to 1 Movies by Actor
1,242
3.00
Movies
Jul 19, 2017
Go to Creator's Profile
Score Distribution
Quiz Creator Spotlight
klc2hbk
Follow
Send a Message
Quizzes Created
-
Created Quiz Play Count
-
More By This Creator
Popular Quizzes Today
1
Find the US States - No Outlines Minefield
2
Colored Red Africa Blitz
3
Find the 'City' Movie
4
5x2 Blitz: Bands
5
The Countries of the World
6
Find the Countries of Europe - No Outlines Minefield
7
Find the US States
8
US States
More Music Quizzes
Absent Letter 80s Rock Bands
Quiz Lab
Trending Quizzes
Colored Red Europe Blitz I
Colored Red Africa Blitz II
Colored Red Europe Blitz II
Colored Red Africa Blitz III
Even More Two Season TV Shows
Recently Updated
March Madness Men's Triple Doubles
pecheneg
How Do You Spell That?
pecheneg
Godzilla Movies
pecheneg
Grab Bag: 4-10 Letters
pecheneg
2024 March Madness Bracket
pecheneg
Famous TV Couples
Peacemaker
Champions League XIs: Real Madrid
pecheneg
Largest US Cities 1790-2010
pecheneg
Rides in Walt Disney World
pecheneg
Most Oscar Losses (Acting)
pecheneg
Trending Topics
Harry Potter
Marvel
Anime
Crossword
Disney
Kpop
NBA
The Office
Song
Country
Soccer
NFL
WWE
Puzzle
Pokémon
Your Account Isn't Verified!
In order to create a playlist on Sporcle, you need to verify the email address you used during registration. Go to your
Sporcle Settings
to finish the process.
Report this User
Report this user for behavior that violates our
Community Guidelines
.
Details:
Send Report
Go to the Sporcle.com Mobile Site →
Comments